LEADER 00869nam a2200229 i 4500 001 000000182125 003 CaOOAMICUS 005 20091013000000.0 008 091013s1928 it u000 u fre u 013 $a160061 040 $aSeMil$bita 100 1 $aGuiraud, Jean.$0(OLS)http://semarc/name/9679 245 12$aL'inquisition médiévale /$cPar Jean Guiraud. 260 $aParis :$bGrasset,$ccopyr. 1928. 300 $a251 p. ;$c19 cm. 490 0 $aLa vie chrétienne ;$v6 650 4$aInquisizione - Storia.$0(OLS)http://semarc/subject/3405 830 3$aLa vie chrétienne ;$v6.$0(OLS)http://semarc/title/15078 850 $aSeMil 852 $aSeMil$W1$xVenegono$y1$m3D I 146$j132829$B132829$CSeMilBibl$Z2$F144657 $81 996 $6245$aL'inquisition médiévale$9(OLS)http://semarc/title/261377 996 $6260$aParis :$bGrasset$9(OLS)http://semarc/publisher/32984 LEADER 01244nam a2200241 i 4500 001 000000076985 003 CaOOAMICUS 005 20120914000000.0 008 010822s2000 it u000 u ita u 013 $a48157 040 $aSeMil$bita 100 1 $aLucato, Roberta.$0(OLS)http://semarc/name/3402 245 10$aArti & Negozi :$bappunti per una storia dell'artigianato di servizio e delle attività commerciali a Venegono Inferiore tra Otto e Novecento /$cRoberta Lucato. 260 $aVenegono Inferiore :$bAssociazione culturale "L'Arcolaio",$c2000. 300 $a59 p. :$bill. ;$c24 cm. 500 $aA piè del front. : Dedica omaggio autografa dell'Autrice a mons. Mario Delpini. - Contiene : Fonti e bibliografia. 650 4$aVenegono Inferiore.$0(OLS)http://semarc/subject/2984 850 $aSeMil 852 $aSeMil$W1$xVenegono$y1$m3P II 250$j43137$B43137$CSeMilBibl$Z2$F43528 $81 941 1 $a7 961 $aOmaggio: Altro 996 $6245$aArti & Negozi :$bappunti per una storia dell'artigianato di servizio e delle attività commerciali a Venegono Inferiore tra Otto e Novecento$9(OLS)http://semarc/title/124922 996 $6260$aVenegono Inferiore :$bAssociazione culturale "L'Arcolaio"$9(OLS)http://semarc/publisher/43319